000 00464nam a2200133Ia 4500
008 200902s9999 xx 000 0 und d
020 _a978-621-406-168-6
100 _aRevano Jr., Teodoro F.
245 _cTeodoro F. Revano.--
_aComputer system organization with assembly language /
260 _aManila :
_bMindshapers Co., Inc.
_c2018
300 _avii , 426 pages :
_billustrations ;
_c25 cm.
650 _aComputer architecture
650 _aComputer organization
999 _c364026
_d364026